000 00778nam a2200133Ia 4500
008 171212s9999 xx 000 0 und d
020 _a9780833076878
100 _aWerber, Laura;Daugherty, Lindsay;Keating, Edward G.;Hoover, Matthew
245 _cWerber, Laura;Daugherty, Lindsay;Keating, Edward G.;Hoover, Matthew
_aAn Assessment of the Civilian Acquisition Workforce Personnel Demonstration Project
260 _bRAND Corporation
_c2012
650 _aBusiness
650 _aUnited States. Dept. of Defense -- Procurement -- Management; United States. Dept. of Defense -- Personnel management -- Evaluation; Human capital -- Government policy -- United States; Civil service -- United States -- Personnel management
856 _uhttp://www.jstor.org/stable/10.7249/j.ctt5hhw63
999 _c351715
_d351715